| 000 | 00555nam a2200205 a 4500 | ||
|---|---|---|---|
| 001 | BRCA_6009 | ||
| 005 | 20190320205310.0 | ||
| 008 | 310311s1954----my-a######---#000-0#eng-# | ||
| 041 | _aeng | ||
| 044 | _amy | ||
| 050 | 4 |
_aDS591 _b.F43 1954 |
|
| 245 | 1 | 0 | _aFederation of Malaya annual report 1953. |
| 260 |
_aKuala Lumpur _bG. A. Smith _c1954 |
||
| 300 |
_a392 p. _bil. (algunas a color), fotos, mapas _c22 cm. |
||
| 500 | _aIncluye lista de ilustraciones | ||
| 500 | _aG117B | ||
| 651 | 4 |
_aMalasia _vAnuarios _915178 |
|
| 902 | _aGFM | ||
| 942 |
_2lcc _cB |
||
| 999 |
_c5698 _d5698 |
||